Statistics for March 12th: Birthdays

Click here to take the quiz!

General Stats

  • This quiz has been taken 4 times
  • The average score is 2 of 7

Answer Stats

YearClueAnswer% Correct
1946Singer/Actress who was in CabaretLiza Minneli
100%
1922Beat WriterJack Kerouac
50%
1928American playwrightEdward Albee
25%
1962MLB right fielderDarryl Strawberry
0%
18213rd Canada Prime MinisterJohn Abbott
0%
194770th Republican Governor of MAMitt Romney
0%
1942General during the Bosnian WarRatko Mladic
0%

Score Distribution

Percentile by Number Answered

Percent of People with Each Score

Your Score History

You have not taken this quiz